000 00490nam a2200169Ia 4500
003 GCL
008 140319s9999 xx 000 0 eng d
040 _aGCL /
_cGCL
082 0 4 _a683.8
_bR T
100 1 _aTHE READER,S DIGEST ASSOCIATION
245 1 0 _aTRUCS: 4000 ASTUCES CHEZ SOI /
_cTHE READER,S DIGEST ASSOCIATION
260 _a[S.N] :
_bSELECTION DU READER'S DIGEST ،
_c1991
300 _a478P
650 0 4 _aHOUSEHOLD UTENSILS
650 0 4 _aHOUSEHOLD APPLIANCES
942 _2ddc
_cBK
999 _c12432
_d12432